000
00328 a2200109 4500
001
ART_41874
005
20260410162024.0
008
260409a
245
1
0
_a
Law & Economics y derecho comparado
100
1
_a
De Geest, Gerrit
773
0
_t
Jurisprudencia Argentina
_g
Derecho y economÃa (mayo 2006)
_w
REV41622
999
_c
33352
_d
33352